[Event "Bremen-ch"]
[Site "Bremen"]
[Date "2023.04.06"]
[Round "7"]
[White "Issing, Peter"]
[Black "Peters, Frank"]
[Result "1/2-1/2"]
[WhiteElo "2118"]
[BlackElo "2111"]
[PlyCount "44"]
[EventDate "2023.03.27"]
[EventType "swiss"]
[EventRounds "9"]
[EventCountry "GER"]
[SourceTitle "CBM 213 Extra"]
[Source "ChessBase"]
[SourceDate "2023.05.31"]
[SourceVersion "1"]
[SourceVersionDate "2023.05.31"]
[SourceQuality "1"]

1. d4 d6 2. g3 g6 3. c4 Bg7 4. Nc3 c6 5. Bg2 Nd7 6. Nf3 Ngf6 7. 0-0 0-0 8. h3 a5 9. b3 Qc7 10. Bb2 Rd8 11. Rc1 e5 12. Qc2 exd4 13. Nxd4 Nc5 14. Rfd1 Qb6 15. e3 a4 16. Rb1 axb3 17. axb3 Ne6 18. Na4 Qc7 19. Rbc1 Nc5 20. Nc3 Ne6 21. Na4 Nc5 22. Nc3 Ne6 1/2-1/2

[Event "Bremen-ch"]
[Site "Bremen"]
[Date "2019.04.19"]
[Round "8.6"]
[White "Peters, Frank"]
[Black "Roehl, Bernd"]
[Result "1-0"]
[WhiteElo "2016"]
[BlackElo "1682"]
[PlyCount "71"]
[EventDate "2019.04.13"]
[EventType "swiss"]
[EventRounds "9"]
[EventCountry "GER"]
[SourceTitle "EXT 2020"]
[Source "ChessBase"]
[SourceDate "2019.10.17"]
[SourceVersion "1"]
[SourceVersionDate "2019.10.17"]
[SourceQuality "1"]

1. c4 e6 2. Nf3 d5 3. e3 Nf6 4. b3 Be7 5. Bb2 0-0 6. Qc2 b6 7. Be2 Bb7 8. 0-0 c5 9. cxd5 exd5 10. d4 Nbd7 11. Nc3 Rc8 12. Rfd1 a6 13. Rac1 Qc7 14. Qb1 Bd6 15. g3 Rfe8 16. Bf1 Rcd8 17. dxc5 bxc5 18. Bg2 Bc6 19. Ng5 h6 20. Nf3 Qb7 21. Nh4 Ne5 22. Ba3 Bf8 23. Ne2 Bd7 24. h3 g5 25. Nf3 Nxf3+ 26. Bxf3 Bxh3 27. Bxc5 Bxc5 28. Rxc5 Be6 29. Nd4 Bg4 30. Bxg4 Nxg4 31. Qf5 Ne5 32. Rdc1 Qd7 33. Rc7 Qxf5 34. Nxf5 h5 35. Kg2 Ng6 36. R1c6 1-0

[Event "Bremen-ch"]
[Site "Bremen"]
[Date "2019.04.18"]
[Round "7.6"]
[White "Sommer, Andreas"]
[Black "Peters, Frank"]
[Result "1/2-1/2"]
[WhiteElo "1769"]
[BlackElo "2016"]
[PlyCount "56"]
[EventDate "2019.04.13"]
[EventType "swiss"]
[EventRounds "9"]
[EventCountry "GER"]
[SourceTitle "EXT 2020"]
[Source "ChessBase"]
[SourceDate "2019.10.17"]
[SourceVersion "1"]
[SourceVersionDate "2019.10.17"]
[SourceQuality "1"]

1. d4 g6 2. c4 Bg7 3. g3 c5 4. Nf3 cxd4 5. Nxd4 Nc6 6. e3 Nf6 7. Bg2 0-0 8. 0-0 Qc7 9. b3 d6 10. Bb2 Bg4 11. Qd2 Rad8 12. h3 Bc8 13. Nc3 Rfe8 14. Kh2 Nxd4 15. exd4 Qa5 16. Qe2 e5 17. d5 Qb6 18. Rae1 a5 19. Qe3 Qxe3 20. Rxe3 Bh6 21. Re2 Bd7 22. Ba3 Bf8 23. g4 h6 24. Be4 Rc8 25. Rc1 a4 26. Rcc2 axb3 27. axb3 Ra8 28. Bc1 Bg7 1/2-1/2

[Event "Bremen-ch"]
[Site "Bremen"]
[Date "2019.04.15"]
[Round "4.1"]
[White "Peters, Frank"]
[Black "Elmali, Timur"]
[Result "0-1"]
[WhiteElo "2016"]
[BlackElo "2102"]
[PlyCount "58"]
[EventDate "2019.04.13"]
[EventType "swiss"]
[EventRounds "9"]
[EventCountry "GER"]
[SourceTitle "EXT 2020"]
[Source "ChessBase"]
[SourceDate "2019.10.17"]
[SourceVersion "1"]
[SourceVersionDate "2019.10.17"]
[SourceQuality "1"]

1. c4 e5 2. Nc3 d6 3. g3 f5 4. Bg2 Nf6 5. e3 Be7 6. Nge2 0-0 7. 0-0 c6 8. d3 Qe8 9. f4 Na6 10. Rb1 Qh5 11. b4 Bd7 12. d4 e4 13. b5 Nc7 14. bxc6 bxc6 15. Rb7 Rfc8 16. d5 cxd5 17. Nxd5 Ncxd5 18. cxd5 Qe8 19. Nd4 Rc5 20. Rf2 Ba4 21. Qd2 Rxd5 22. Bf1 Rc8 23. Qb2 Ng4 24. Re2 Bf6 25. h3 Nh6 26. Rxa7 Nf7 27. Qb4 Bxd4 28. Rxa4 Bc5 29. Qb3 Rd3 0-1

[Event "Bremen-ch"]
[Site "Bremen"]
[Date "2019.04.13"]
[Round "1.7"]
[White "Fehsenfeld, Kurt"]
[Black "Peters, Frank"]
[Result "0-1"]
[WhiteElo "1540"]
[BlackElo "2016"]
[PlyCount "80"]
[EventDate "2019.04.13"]
[EventType "swiss"]
[EventRounds "9"]
[EventCountry "GER"]
[SourceTitle "EXT 2020"]
[Source "ChessBase"]
[SourceDate "2019.10.17"]
[SourceVersion "1"]
[SourceVersionDate "2019.10.17"]
[SourceQuality "1"]

1. d4 g6 2. c4 Bg7 3. Nf3 d6 4. e3 a6 5. Nc3 Nc6 6. Be2 Nf6 7. 0-0 0-0 8. b3 Bf5 9. a3 e5 10. Bb2 h6 11. d5 Ne7 12. h3 c5 13. Nd2 Bd7 14. Nde4 Ne8 15. Qc1 f5 16. Nd2 Nf6 17. f3 h5 18. Re1 g5 19. Nf1 Qe8 20. Bd3 g4 21. fxg4 hxg4 22. hxg4 Nxg4 23. Qd2 Qh5 24. Be2 Rf6 25. Bf3 Kf7 26. Bxg4 Qxg4 27. Qe2 Qg5 28. Qf2 Rh8 29. Ne2 Ke8 30. Neg3 Qh4 31. Rab1 Rg6 32. Bc1 f4 33. exf4 Nf5 34. fxe5 Bxe5 35. Bf4 Kd8 36. Bxe5 dxe5 37. Re4 Qh7 38. Qe1 Rxg3 39. Qa5+ Kc8 40. Nxg3 Qh2+ 0-1

[Event "Bremen-ch op"]
[Site "Bremen"]
[Date "2018.03.26"]
[Round "4"]
[White "Wuttke, Manfred"]
[Black "Peters, Frank"]
[Result "0-1"]
[WhiteElo "1813"]
[BlackElo "2075"]
[PlyCount "90"]
[EventDate "2018.03.24"]
[EventType "swiss"]
[EventRounds "9"]
[EventCountry "GER"]
[SourceTitle "EXT 2019"]
[Source "ChessBase"]
[SourceDate "2018.10.10"]
[SourceVersion "1"]
[SourceVersionDate "2018.10.10"]
[SourceQuality "1"]

1. d4 d6 2. c4 g6 3. Nc3 Bg7 4. e4 e5 5. Be3 exd4 6. Bxd4 Nf6 7. Qc2 Nc6 8. Be3 Ng4 9. Qd2 Nxe3 10. Qxe3 0-0 11. Nf3 Re8 12. Bd3 Bg4 13. 0-0 Bxf3 14. Qxf3 Bxc3 15. bxc3 Ne5 16. Qe2 Nd7 17. Qc2 Nc5 18. a4 a5 19. f4 Qd7 20. f5 Re5 21. f6 Qg4 22. Qd2 Qg5 23. Qxg5 Rxg5 24. Bc2 Re5 25. Rae1 Rae8 26. Rf4 g5 27. Rg4 h5 28. Rg3 Kh7 29. h3 Kg6 30. Rf3 R8e6 31. Ref1 Nd7 32. h4 gxh4 33. Rh3 Rxf6 34. Rxh4 Rxf1+ 35. Kxf1 Kg5 36. g3 Nf6 37. Rf4 Ng4 38. Ke2 f6 39. Kf3 Rc5 40. Bb3 Ne5+ 41. Ke3 Nxc4+ 42. Kd4 Ne5 43. Rf5+ Kg6 44. Ba2 Nc6+ 45. Ke3 Rxc3+ 0-1

[Event "Oberliga Nord W 1718"]
[Site "Germany"]
[Date "2018.03.18"]
[Round "8.8"]
[White "Grebener, Soeren"]
[Black "Peters, Frank"]
[Result "0-1"]
[WhiteElo "2021"]
[BlackElo "2075"]
[PlyCount "76"]
[EventDate "2017.10.08"]
[EventType "team-tourn"]
[EventRounds "9"]
[EventCountry "GER"]
[SourceTitle "EXT 2019"]
[Source "ChessBase"]
[SourceDate "2018.10.10"]
[SourceVersion "1"]
[SourceVersionDate "2018.10.10"]
[SourceQuality "1"]
[WhiteTeam "Delmenhorst"]
[BlackTeam "Bremer SG"]
[WhiteTeamCountry "GER"]
[BlackTeamCountry "GER"]

1. e4 d6 2. d4 g6 3. Nf3 Bg7 4. c3 Nf6 5. Bd3 0-0 6. 0-0 Nc6 7. Nbd2 e5 8. dxe5 Nxe5 9. Nxe5 dxe5 10. Qe2 Qe7 11. Nc4 Nh5 12. g3 Re8 13. Rd1 Be6 14. Be3 a5 15. Bc2 Bd7 16. a4 Bc6 17. Rd2 Nf6 18. f3 Nd7 19. Qf2 b6 20. Rad1 Bf8 21. Kg2 Nc5 22. b3 f6 23. Nb2 Qe6 24. c4 Na6 25. Nd3 Nb4 26. Bb1 Be7 27. Qe2 Nxd3 28. Rxd3 f5 29. exf5 gxf5 30. R3d2 Bb4 31. Ra2 Rad8 32. Kg1 Qf7 33. Bf2 Rxd1+ 34. Qxd1 Qh5 35. g4 fxg4 36. fxg4 Qh3 37. Bg3 Bc5+ 38. Rf2 Qg2# 0-1

[Event "Oberliga Nord W 1718"]
[Site "Germany"]
[Date "2018.02.25"]
[Round "7.8"]
[White "Peters, Frank"]
[Black "Belov, Igor1111"]
[Result "0-1"]
[WhiteElo "2075"]
[BlackElo "2055"]
[PlyCount "108"]
[EventDate "2017.10.08"]
[EventType "team-tourn"]
[EventRounds "9"]
[EventCountry "GER"]
[SourceTitle "EXT 2019"]
[Source "ChessBase"]
[SourceDate "2018.10.10"]
[SourceVersion "1"]
[SourceVersionDate "2018.10.10"]
[SourceQuality "1"]
[WhiteTeam "Bremer SG"]
[BlackTeam "Hameln"]
[WhiteTeamCountry "GER"]
[BlackTeamCountry "GER"]

1. c4 c5 2. g3 Nc6 3. Bg2 g6 4. Nc3 Bg7 5. d3 e5 6. e3 Nge7 7. Nge2 0-0 8. 0-0 d6 9. h3 Be6 10. Nd5 Qd7 11. Kh2 f5 12. f4 Bf7 13. Nec3 Nxd5 14. Nxd5 Ne7 15. Nxe7+ Qxe7 16. Rb1 Rad8 17. b4 b6 18. Qb3 e4 19. dxe4 b5 20. Rf2 bxc4 21. Qa4 Rb8 22. exf5 gxf5 23. b5 d5 24. Bf1 Rfe8 25. Qc2 Qe4 26. a4 Rb7 27. h4 Reb8 28. Bh3 Qxc2 29. Rxc2 Be6 30. Ba3 a6 31. Bxc5 axb5 32. axb5 Rxb5 33. Rxb5 Rxb5 34. Bd4 Rb3 35. Bf1 Bxd4 36. exd4 Kf7 37. Kg2 Rb1 38. Be2 Ke7 39. Kf2 Bd7 40. Ra2 Kd6 41. Ra3 h6 42. Ke3 Bc6 43. Bh5 Rg1 44. Kf2 Rc1 45. Ke3 Re1+ 46. Be2 Bb5 47. Kf2 Rb1 48. Ke3 Kc6 49. Bf3 Rg1 50. Kf2 Rc1 51. Ra5 c3 52. Bxd5+ Kb6 53. Ra2 c2 54. Ke3 Re1+ 0-1

[Event "Oberliga Nord W 1617"]
[Site "Germany"]
[Date "2016.10.16"]
[Round "1.7"]
[White "Hoellmann, Ludger"]
[Black "Peters, Frank"]
[Result "1/2-1/2"]
[WhiteElo "2035"]
[BlackElo "2115"]
[PlyCount "140"]
[EventDate "2016.10.16"]
[EventType "team-tourn"]
[EventRounds "9"]
[EventCountry "GER"]
[SourceTitle "EXT 2018"]
[Source "ChessBase"]
[SourceDate "2017.10.13"]
[SourceVersion "1"]
[SourceVersionDate "2017.10.13"]
[SourceQuality "1"]
[WhiteTeam "Nordhorn Blanke"]
[BlackTeam "Bremer SG"]
[WhiteTeamCountry "GER"]
[BlackTeamCountry "GER"]

1. d4 g6 2. c4 Bg7 3. Nc3 d6 4. e4 e5 5. Be3 exd4 6. Bxd4 Nf6 7. Be2 Nc6 8. Be3 0-0 9. Nf3 Re8 10. Nd2 Ne5 11. h3 Ned7 12. 0-0 Nc5 13. Qc2 a5 14. Rfe1 Bd7 15. Rad1 Bc6 16. f3 Nfd7 17. Nf1 Qf6 18. Bd4 Qg5 19. Be3 Qf6 20. Qd2 Na4 21. Nxa4 Bxa4 22. b3 Bc6 23. Bh6 Qc3 24. Bxg7 Qxd2 25. Rxd2 Kxg7 26. Kf2 Nc5 27. Bd3 Ra6 28. Ne3 Rb6 29. Rb1 Rb4 30. Nc2 Rb6 31. Nd4 Rb4 32. a3 Rb6 33. Bc2 Bd7 34. b4 axb4 35. axb4 Ne6 36. Ne2 Ra6 37. c5 Bc8 38. b5 Ra2 39. cxd6 Rd8 40. e5 cxd6 41. exd6 Nc5 42. Nc1 Ra3 43. Rb4 Rc3 44. Rbd4 Bd7 45. Ne2 Ra3 46. Rd5 b6 47. Nd4 Be6 48. Nxe6+ fxe6 49. R5d4 Ra5 50. Rb4 Nb7 51. d7 Nc5 52. Bb3 Ra7 53. Bc4 Raxd7 54. Rxd7+ Rxd7 55. Rb2 Rd4 56. Be2 e5 57. Ra2 h6 58. Ra7+ Rd7 59. Ra8 Kf6 60. Rf8+ Kg7 61. Rb8 Rd6 62. Ke3 Kf6 63. Bc4 Nd7 64. Rg8 Nc5 65. Rf8+ Ke7 66. Rf7+ Ke8 67. Rg7 Kf8 68. Rf7+ Ke8 69. Rg7 Kf8 70. Rf7+ Ke8 1/2-1/2

[Event "Bremen-ch op"]
[Site "Bremen"]
[Date "2016.03.26"]
[Round "9"]
[White "Rosin, Julius"]
[Black "Peters, Frank"]
[Result "1/2-1/2"]
[WhiteElo "1996"]
[BlackElo "2133"]
[PlyCount "97"]
[EventDate "2016.03.19"]
[EventType "swiss"]
[EventRounds "9"]
[EventCountry "GER"]
[SourceTitle "EXT 2018"]
[Source "ChessBase"]
[SourceDate "2017.10.13"]
[SourceVersion "1"]
[SourceVersionDate "2017.10.13"]
[SourceQuality "1"]

1. d4 d6 2. Nf3 g6 3. Bf4 Bg7 4. c3 Nf6 5. Nbd2 0-0 6. e4 Nc6 7. Bc4 Nd7 8. Qe2 e5 9. dxe5 dxe5 10. Be3 Qe7 11. 0-0 Nc5 12. Ng5 Nd8 13. f4 exf4 14. Bxf4 Nde6 15. Nxe6 Bxe6 16. e5 Rad8 17. Nf3 Bxc4 18. Qxc4 Ne6 19. Bg3 Rd7 20. Qg4 h5 21. Qe4 Qc5+ 22. Kh1 Qd5 23. Qc2 Qc6 24. Qe2 a6 25. Bh4 Re8 26. Rad1 Rxd1 27. Rxd1 Qa4 28. b3 Qg4 29. h3 Qf5 30. Qd3 Qxd3 31. Rxd3 Kf8 32. Rd7 Rc8 33. b4 Ke8 34. Re7+ Kf8 35. Bf6 Rd8 36. Nd4 Nxd4 37. cxd4 Bxf6 38. exf6 Rxd4 39. Rxc7 Kg8 40. Rxb7 Rd6 41. Rb8+ Kh7 42. a4 Rxf6 43. a5 h4 44. Rb6 Rf4 45. Kg1 Kg7 46. Rxa6 Rxb4 47. Ra8 Rb2 48. a6 Ra2 49. Kh2 1/2-1/2

[Event "Bremen-ch op"]
[Site "Bremen"]
[Date "2016.03.24"]
[Round "7"]
[White "Boehning, Kilian"]
[Black "Peters, Frank"]
[Result "1-0"]
[WhiteElo "2141"]
[BlackElo "2133"]
[PlyCount "103"]
[EventDate "2016.03.19"]
[EventType "swiss"]
[EventRounds "9"]
[EventCountry "GER"]
[SourceTitle "EXT 2018"]
[Source "ChessBase"]
[SourceDate "2017.10.13"]
[SourceVersion "1"]
[SourceVersionDate "2017.10.13"]
[SourceQuality "1"]

1. d4 g6 2. e4 Bg7 3. Nc3 c6 4. Be3 d5 5. e5 Nh6 6. Qd2 Nf5 7. Bf4 h5 8. Nf3 a5 9. 0-0-0 Na6 10. Ng5 Nc7 11. Be2 Ne6 12. Nxe6 Bxe6 13. h3 h4 14. g4 hxg3 15. fxg3 g5 16. Bxg5 Nxg3 17. Rhg1 Nxe2+ 18. Qxe2 Rxh3 19. Bf4 Bf8 20. Rg8 Qc7 21. Qg2 0-0-0 22. Rh1 Rxh1+ 23. Qxh1 f5 24. Rxf8 Rxf8 25. Qh6 Rd8 26. Qxe6+ Qd7 27. Qxd7+ Kxd7 28. Na4 Rg8 29. Kd2 e6 30. Nc5+ Ke7 31. Nxb7 Rb8 32. Nc5 Rxb2 33. a4 Rb8 34. Kd3 Rh8 35. Nb3 Rh3+ 36. Kd2 Kd7 37. Nxa5 Rf3 38. Bh6 Rf2+ 39. Kd1 f4 40. Nb3 f3 41. Nc5+ Kc8 42. Be3 Re2 43. Bf4 Rxc2 44. Ke1 Ra2 45. Kf1 Kb8 46. Nxe6 Rxa4 47. Nc5 Kc8 48. e6 Kd8 49. Bg5+ Ke8 50. Nb7 Ra7 51. Nd6+ Kf8 52. Nc8 1-0

[Event "Bremen-ch op"]
[Site "Bremen"]
[Date "2016.03.22"]
[Round "5"]
[White "Peters, Frank"]
[Black "Erofeev, Anastasia"]
[Result "1/2-1/2"]
[WhiteElo "2133"]
[BlackElo "1947"]
[PlyCount "51"]
[EventDate "2016.03.19"]
[EventType "swiss"]
[EventRounds "9"]
[EventCountry "GER"]
[SourceTitle "EXT 2018"]
[Source "ChessBase"]
[SourceDate "2017.10.13"]
[SourceVersion "1"]
[SourceVersionDate "2017.10.13"]
[SourceQuality "1"]

1. c4 e5 2. Nc3 Nf6 3. g3 Bc5 4. Bg2 Nc6 5. e3 0-0 6. Nge2 Re8 7. 0-0 a6 8. d4 Ba7 9. d5 Ne7 10. d6 Nf5 11. dxc7 Qxc7 12. Qd3 d6 13. b3 Ne7 14. Rd1 Rd8 15. Ne4 Nxe4 16. Bxe4 f5 17. Bg2 Bc5 18. Bb2 Be6 19. Qc3 Nc6 20. a3 Rac8 21. Rac1 a5 22. Bd5 Re8 23. Qd3 Qf7 24. Bxe6 Rxe6 25. Qd5 Rce8 26. Rc2 1/2-1/2

[Event "Oberliga Nord W 1516"]
[Site "Germany"]
[Date "2016.03.13"]
[Round "8.5"]
[White "Peters, Frank"]
[Black "Kyas, Philipp"]
[Result "1/2-1/2"]
[WhiteElo "2131"]
[BlackElo "2076"]
[PlyCount "59"]
[EventDate "2015.09.20"]
[EventType "team-tourn"]
[EventRounds "9"]
[EventCountry "GER"]
[SourceTitle "EXT 2017"]
[Source "ChessBase"]
[SourceDate "2016.10.25"]
[SourceVersion "1"]
[SourceVersionDate "2016.10.25"]
[SourceQuality "1"]
[WhiteTeam "Bremer SG"]
[BlackTeam "Goettingen Tempo"]
[WhiteTeamCountry "GER"]
[BlackTeamCountry "GER"]

1. c4 c5 2. Nc3 Nc6 3. g3 g6 4. Bg2 Bg7 5. Nf3 e6 6. 0-0 Nge7 7. d3 0-0 8. Bg5 d5 9. Qc1 b6 10. Bh6 Bb7 11. Bxg7 Kxg7 12. e3 Rc8 13. b3 d4 14. exd4 Nxd4 15. Nxd4 Bxg2 16. Nxe6+ fxe6 17. Kxg2 Qxd3 18. Qe3 Qxe3 19. fxe3 Nf5 20. Rae1 Rcd8 21. Ne4 Rd3 22. Rf3 h6 23. Kf2 Nd6 24. Nxd6 Rxf3+ 25. Kxf3 Rxd6 26. Re2 Rd1 27. Ke4 Kf6 28. Rf2+ Ke7 29. Ke5 Re1 30. Ke4 1/2-1/2

[Event "Oberliga Nord W 1516"]
[Site "Germany"]
[Date "2016.01.31"]
[Round "6.6"]
[White "Peters, Frank"]
[Black "Buerckner, Hartmut"]
[Result "1/2-1/2"]
[WhiteElo "2131"]
[BlackElo "2156"]
[PlyCount "111"]
[EventDate "2015.09.20"]
[EventType "team-tourn"]
[EventRounds "9"]
[EventCountry "GER"]
[SourceTitle "EXT 2017"]
[Source "ChessBase"]
[SourceDate "2016.10.25"]
[SourceVersion "1"]
[SourceVersionDate "2016.10.25"]
[SourceQuality "1"]
[WhiteTeam "Bremer SG"]
[BlackTeam "Oldenburg Union"]
[WhiteTeamCountry "GER"]
[BlackTeamCountry "GER"]

1. c4 Nf6 2. g3 d5 3. cxd5 Nxd5 4. Bg2 Nc6 5. Nc3 Nb6 6. Nf3 e5 7. d3 Be7 8. 0-0 0-0 9. a3 a5 10. Be3 Be6 11. Nd2 Nd5 12. Nxd5 Bxd5 13. Bxd5 Qxd5 14. a4 Bc5 15. Bxc5 Qxc5 16. Rc1 Qd5 17. Qb3 Rfd8 18. Qxd5 Rxd5 19. Nb3 h5 20. Rc3 Ra6 21. f4 Rb6 22. e4 Rd6 23. fxe5 Nxe5 24. d4 Nc6 25. d5 Ne5 26. Nxa5 Rxb2 27. Rxc7 Ra6 28. Rxb7 Re2 29. Nc6 Nxc6 30. dxc6 Rxc6 31. Rbxf7 Rxe4 32. R7f4 Ree6 33. R1f2 Re1+ 34. Rf1 Ree6 35. Kg2 Ra6 36. Ra1 Ra5 37. h3 Rc6 38. Ra3 g6 39. Kf3 Kg7 40. g4 hxg4+ 41. hxg4 Rca6 42. Ke3 Kh6 43. Rb4 Kg5 44. Kf3 Ra8 45. Kg3 R8a7 46. Rc4 Ra8 47. Rb4 R8a7 48. Ra2 Ra8 49. Rc2 Rxa4 50. Rb5+ Kh6 51. g5+ Kg7 52. Rc7+ Kg8 53. Rb6 R4a6 54. Rxa6 Rxa6 55. Kf4 Ra5 56. Rc8+ 1/2-1/2

[Event "Oberliga Nord W 1516"]
[Site "Germany"]
[Date "2015.12.13"]
[Round "4.7"]
[White "Usachyi, Vladimir"]
[Black "Peters, Frank"]
[Result "1/2-1/2"]
[WhiteElo "2121"]
[BlackElo "2131"]
[PlyCount "71"]
[EventDate "2015.09.20"]
[EventType "team-tourn"]
[EventRounds "9"]
[EventCountry "GER"]
[SourceTitle "CBM 170 Extra"]
[Source "ChessBase"]
[SourceDate "2016.02.25"]
[SourceVersion "1"]
[SourceVersionDate "2016.02.25"]
[SourceQuality "1"]
[WhiteTeam "Hannover"]
[BlackTeam "Bremer SG"]
[WhiteTeamCountry "GER"]
[BlackTeamCountry "GER"]

1. d4 d6 2. c4 g6 3. Nc3 Bg7 4. e4 e5 5. Be3 exd4 6. Bxd4 Nf6 7. Be2 Nc6 8. Be3 0-0 9. Nf3 Re8 10. Nd2 Ne5 11. f3 c6 12. 0-0 Qe7 13. Kh1 Rf8 14. Qe1 Ne8 15. Qf2 b6 16. f4 Ng4 17. Bxg4 Bxg4 18. Rae1 Bc8 19. Bd4 Nf6 20. h3 Bb7 21. e5 dxe5 22. Bxe5 Qd8 23. Nde4 Nxe4 24. Nxe4 c5 25. Bxg7 Kxg7 26. f5 f6 27. fxg6 hxg6 28. Rd1 Bxe4 29. Rxd8 Raxd8 30. Qf4 Rd4 31. Qc1 Rfd8 32. Qc3 R8d6 33. Qg3 Rd3 34. Qh4 R3d4 35. Qg3 Rd3 36. Qh4 1/2-1/2

[Event "Oberliga Nord W 1516"]
[Site "Germany"]
[Date "2015.09.20"]
[Round "1.6"]
[White "Thimm, Torsten"]
[Black "Peters, Frank"]
[Result "0-1"]
[WhiteElo "2104"]
[BlackElo "2110"]
[PlyCount "42"]
[EventDate "2015.09.20"]
[EventType "team-tourn"]
[EventRounds "9"]
[EventCountry "GER"]
[SourceTitle "CBM 170 Extra"]
[Source "ChessBase"]
[SourceDate "2016.02.25"]
[SourceVersion "1"]
[SourceVersionDate "2016.02.25"]
[SourceQuality "1"]
[WhiteTeam "Delmenhorst"]
[BlackTeam "Bremer SG"]
[WhiteTeamCountry "GER"]
[BlackTeamCountry "GER"]

1. e4 d6 2. d4 Nd7 3. f4 e5 4. Nf3 exd4 5. Nxd4 Ngf6 6. Nc3 Nc5 7. Bd3 Bg4 8. Nf3 Be7 9. 0-0 0-0 10. Be3 c6 11. a4 d5 12. exd5 Nxd5 13. Nxd5 Qxd5 14. Be2 Qe4 15. Qc1 Ne6 16. h3 Bxf3 17. Rxf3 Nd4 18. Bxd4 Qxd4+ 19. Kf1 Bc5 20. Ke1 Rfe8 21. c3 Rxe2+ 0-1

[Event "Bremen-ch op"]
[Site "Bremen"]
[Date "2015.04.03"]
[Round "8"]
[White "Peters, Frank"]
[Black "Dietrich, Igor"]
[Result "1-0"]
[WhiteElo "2109"]
[BlackElo "1880"]
[PlyCount "109"]
[EventDate "2015.03.28"]
[EventType "swiss"]
[EventRounds "9"]
[EventCountry "GER"]
[SourceTitle "EXT 2018"]
[Source "ChessBase"]
[SourceDate "2017.10.13"]
[SourceVersion "1"]
[SourceVersionDate "2017.10.13"]
[SourceQuality "1"]

1. c4 Nf6 2. g3 c6 3. Nf3 d5 4. b3 Bf5 5. Bg2 e6 6. 0-0 Nbd7 7. Bb2 Bd6 8. d4 0-0 9. Nbd2 h6 10. Ne5 Ng4 11. Nxg4 Bxg4 12. h3 Bf5 13. e4 dxe4 14. Nxe4 Bxe4 15. Bxe4 Nf6 16. Bg2 Qc7 17. Qe2 Rfe8 18. Rac1 Qa5 19. Bc3 Qg5 20. Rcd1 Rad8 21. Rd3 Rd7 22. a4 Rde7 23. Re3 h5 24. h4 Qg6 25. Qd3 Qxd3 26. Rxd3 Rd7 27. Bf3 Red8 28. Rfd1 Ng4 29. Kg2 Bc5 30. R3d2 Be7 31. Ba5 Rc8 32. Rd3 Nf6 33. Kf1 Kf8 34. Bg2 Ke8 35. Bh3 b6 36. Bc3 Rcd8 37. Bg2 Rc7 38. Ke2 c5 39. dxc5 Rxc5 40. Rxd8+ Bxd8 41. Bf3 g6 42. Rxd8+ Kxd8 43. Bxf6+ Kd7 44. Be4 a6 45. Bd4 Rc8 46. Bxb6 Rb8 47. a5 f5 48. Bf3 e5 49. Bd5 Rf8 50. c5 Rf6 51. Bb7 e4 52. Bxa6 f4 53. gxf4 Rxf4 54. Bb7 Rf6 55. a6 1-0

[Event "Bremen-ch op"]
[Site "Bremen"]
[Date "2015.04.01"]
[Round "6"]
[White "Peters, Frank"]
[Black "Kuenitz, Bernhard"]
[Result "1-0"]
[WhiteElo "2109"]
[BlackElo "1900"]
[PlyCount "73"]
[EventDate "2015.03.28"]
[EventType "swiss"]
[EventRounds "9"]
[EventCountry "GER"]
[SourceTitle "EXT 2018"]
[Source "ChessBase"]
[SourceDate "2017.10.13"]
[SourceVersion "1"]
[SourceVersionDate "2017.10.13"]
[SourceQuality "1"]

1. d4 e6 2. Nf3 Nf6 3. e3 b6 4. Bd3 Bb7 5. Nbd2 Nc6 6. c3 d5 7. 0-0 Bd6 8. Qe2 0-0 9. e4 dxe4 10. Nxe4 Be7 11. Re1 Qd5 12. Ng3 Nh5 13. Be4 Nxg3 14. hxg3 Qd8 15. g4 Na5 16. Bxb7 Nxb7 17. Qe4 Nd6 18. Qc6 Rc8 19. Bf4 Qe8 20. Ne5 f6 21. Qxe8 Rfxe8 22. Nc6 Bf8 23. Nxa7 Ra8 24. Nc6 g5 25. Bg3 f5 26. f3 Bg7 27. a4 f4 28. Bf2 Kf7 29. b3 Kg6 30. Ra2 Nb5 31. c4 Na7 32. Nxa7 Rxa7 33. Rae2 Kf7 34. d5 e5 35. Bd4 c5 36. dxc6 Rc7 37. Bxb6 1-0

[Event "Bremen-ch op"]
[Site "Bremen"]
[Date "2015.03.31"]
[Round "5"]
[White "Ungar, Benedict"]
[Black "Peters, Frank"]
[Result "0-1"]
[WhiteElo "1749"]
[BlackElo "2109"]
[PlyCount "68"]
[EventDate "2015.03.28"]
[EventType "swiss"]
[EventRounds "9"]
[EventCountry "GER"]
[SourceTitle "EXT 2018"]
[Source "ChessBase"]
[SourceDate "2017.10.13"]
[SourceVersion "1"]
[SourceVersionDate "2017.10.13"]
[SourceQuality "1"]

1. Nf3 g6 2. g3 Bg7 3. Bg2 d6 4. d3 e5 5. c3 Nc6 6. 0-0 Nf6 7. Nbd2 0-0 8. e4 h6 9. h3 Be6 10. Nh2 Qd7 11. h4 Ne8 12. Nb3 Kh7 13. f4 f5 14. h5 gxh5 15. Qxh5 Nf6 16. Qd1 fxe4 17. dxe4 Rg8 18. f5 Bc4 19. Re1 a5 20. Nf3 Bf8 21. Nbd2 Ba6 22. Nf1 Bxf1 23. Kxf1 Rxg3 24. Kf2 Qg7 25. Nh4 Be7 26. Ng6 Rxg6 27. fxg6+ Qxg6 28. Bf3 Rf8 29. Ke3 d5 30. Kd3 dxe4+ 31. Bxe4 Nxe4 32. Kc4 Qe6+ 33. Kb5 Nd4+ 34. cxd4 Qc6+ 0-1

[Event "Oberliga Nord W 1415"]
[Site "Germany"]
[Date "2015.03.15"]
[Round "8.5"]
[White "Bierenbroodspot, Paul"]
[Black "Peters, Frank"]
[Result "0-1"]
[WhiteElo "2123"]
[BlackElo "2142"]
[PlyCount "79"]
[EventDate "2014.09.22"]
[EventType "team-tourn"]
[EventRounds "9"]
[EventCountry "GER"]
[SourceTitle "EXT 2016"]
[Source "ChessBase"]
[SourceDate "2015.10.08"]
[SourceVersion "1"]
[SourceVersionDate "2015.10.08"]
[SourceQuality "1"]
[WhiteTeam "Nordhorn Blanke"]
[BlackTeam "Bremer SG"]
[WhiteTeamCountry "GER"]
[BlackTeamCountry "GER"]

1. e4 g6 2. d4 Bg7 3. Nc3 c6 4. Be3 d6 5. Nf3 Nf6 6. h3 0-0 7. a4 Qc7 8. Qd2 Nbd7 9. Bh6 e5 10. Bxg7 Kxg7 11. dxe5 dxe5 12. Bc4 Nc5 13. Qe3 Qe7 14. 0-0 Nh5 15. Ne2 b6 16. b4 Nb7 17. Bd3 Re8 18. b5 Na5 19. bxc6 Nxc6 20. g4 Nf6 21. Ng3 Rd8 22. c3 Na5 23. Rad1 Ne8 24. Kh2 Nd6 25. Rg1 Kh8 26. Qh6 f6 27. Nh4 Qg7 28. Qc1 Be6 29. Ngf5 Nxf5 30. gxf5 Bf7 31. fxg6 hxg6 32. Rg3 Qh7 33. Ng2 Nb3 34. Qe3 Nc5 35. Bc2 Rxd1 36. Bxd1 Rd8 37. Bc2 a5 38. Qe2 Rd6 39. Ne3 Qh5 40. Qxh5+ 0-1